Gaming Quiz

Random Gaming or Pokémon Quiz

Only Poison Pokémon Quiz Stats

Quiz not verified by Sporcle

Also try: Smite Gods
Challenge
Share
Tweet
Embed
Score 0/10 Timer 03:00
0 Plays Today
% Correct
???
92.5%
???
90%
???
90%
???
85%
???
85%
???
85%
???
80%
???
80%
???
77.5%
???
75%

You're not logged in!

Compare scores with friends on all Sporcle quizzes.
Sign Up with Email
OR
Log In

You Might Also Like...

Show Comments

Extras

Top Quizzes Today


Score Distribution

Your Account Isn't Verified!

In order to create a playlist on Sporcle, you need to verify the email address you used during registration. Go to your Sporcle Settings to finish the process.